Lichtensteinische Betriebszählung 1985 Industrie, Gewerbe, Dienstleistungen

Na minha lista:
Detalhes bibliográficos
Formato: Livro
Idioma:alemão
Publicado em: Vaduz Amt für Volkswirtschaft 1985
Edição:1. Aufl.
Tags: Adicionar Tag
Sem tags, seja o primeiro a adicionar uma tag!

MARC

LEADER 00000nam a2200000 4500
001 c035581
005 20221220081931.3
041 0 |a ger 
044 |a LI 
245 1 0 |a Lichtensteinische Betriebszählung 1985  |b Industrie, Gewerbe, Dienstleistungen 
250 |a 1. Aufl. 
264 1 |a Vaduz  |b Amt für Volkswirtschaft  |c 1985 
300 |a 153 s.